Tajomné kráľovstvo
| Other Authors: | |
|---|---|
| Format: | Video DVD |
| Language: | Slovak Czech Hungarian Spanish |
| PhysicalDescription: | 1 videodisk (DVD) (82 min.) fareb., zvuk. |
| Published: |
Bratislava
Intersonic
2006
|
| Subjects: |
MARC
| LEADER | 00000ngm a2200000 a 4500 | ||
|---|---|---|---|
| 001 | vtls008870750 | ||
| 003 | SK-MaSNL | ||
| 005 | 20260301182932.0 | ||
| 007 | vd cvaizs | ||
| 008 | 061026s2006 xo 082 g vaslo | ||
| 015 | |a SNBJ2006 | ||
| 028 | 4 | 2 | |a 99304 |b Intersonic |
| 040 | |a SNK |b slo |c SNK |e AACR2 | ||
| 041 | 1 | |a slo |a cze |a hun |h spa | |
| 044 | |a xo |c SK | ||
| 072 | 7 | |a 791 |x Film. Cirkus. Ľudová zábava |2 konspekt | |
| 080 | |a 791.228 |2 2001 | ||
| 080 | |a (460) |2 2001 | ||
| 080 | |a (0.034.44) |2 2001 | ||
| 130 | 0 | |a El guerrero sin nombre |l Slovensky |9 557509 | |
| 245 | 1 | 0 | |a Tajomné kráľovstvo |h videozáznam |c [réžia: David Iglesias] |
| 260 | |a Bratislava |b Intersonic |c 2006 | ||
| 300 | |a 1 videodisk (DVD) (82 min.) |b fareb., zvuk. | ||
| 538 | |a Zvuk Dolby Digital; obraz PAL 16:9 | ||
| 546 | |a Dabing slovenský, český a maďarský | ||
| 650 | 0 | 7 | |a animované filmy |2 SNKPH |9 3171 |
| 655 | 7 | |a DVD |2 SNKPH |9 70751 | |
| 700 | 1 | |a Iglesias, David |4 drt |9 557510 | |
| 999 | |c 855258 |d 857188 | ||
| 952 | |a SNK |b SNK |y PREZ |7 0 |p 17A0525498 |o snkSDVD 129 |i snk2006/21873 |8 0 |0 0 |1 0 |4 0 |d 2006-10-26 |l 0 |r 2026-02-24 04:54:32 |w 2026-02-24 | ||


